[Event "Olympiad Women-45"]
[Site "Budapest"]
[Date "2024.09.21"]
[Round "10.4"]
[White "Ruba, Al Qudah"]
[Black "Elizabeth, Emile Nagib Tanyous"]
[Result "1-0"]
[WhiteElo "1937"]
[BlackElo "1530"]
[PlyCount "93"]
[EventDate "2024.09.11"]
[EventType "team-swiss"]
[EventRounds "11"]
[EventCountry "HUN"]
[SourceTitle "EXT 2025"]
[Source "ChessBase"]
[SourceDate "2024.10.14"]
[SourceVersion "1"]
[SourceVersionDate "2024.10.14"]
[SourceQuality "1"]
[WhiteTeam "Jordan (W)"]
[BlackTeam "Sudan (W)"]
[WhiteTeamCountry "JOR"]
[BlackTeamCountry "SUD"]

1. e4 e6 2. d4 d5 3. exd5 exd5 4. Nf3 Bg4 5. Bd3 Bd6 6. 0-0 Ne7 7. Nc3 c6 8. h3 Bh5 9. Re1 0-0 10. Bg5 Qd7 11. Nb1 Na6 12. c3 Nc7 13. Bxe7 Bxe7 14. Ne5 Bxd1 15. Nxd7 Rfe8 16. Rxd1 Bd6 17. Nc5 Re7 18. Nxb7 Bf4 19. Na5 Rae8 20. Na3 Re6 21. Kf1 Rf6 22. Re1 Rb8 23. Re2 Rc8 24. Nc2 Ne6 25. Nb4 Kh8 26. Naxc6 Nc7 27. Nxa7 Rd8 28. Rae1 g6 29. Nb5 Ne6 30. Kg1 Kg7 31. g3 Bb8 32. Nc6 Rc8 33. Nxb8 Rxb8 34. Re5 h6 35. h4 Rd8 36. a4 Nf8 37. a5 Nd7 38. Rxd5 Ra6 39. Re7 Rf8 40. Rdxd7 Kf6 41. Bc4 g5 42. Rxf7+ Rxf7 43. Rxf7+ Kg6 44. b4 g4 45. Rd7 Kh5 46. Bf7+ Rg6 47. Rd5# 1-0

[Event "Arab-ch (Women)"]
[Site "Abu Dhabi"]
[Date "2021.11.26"]
[Round "1"]
[White "Elizabeth, Emile Nagib Tanyous"]
[Black "Boshra, Alshaeby"]
[Result "0-1"]
[WhiteElo "1481"]
[BlackElo "2033"]
[PlyCount "29"]
[EventDate "2021.11.26"]
[EventType "swiss"]
[EventRounds "9"]
[EventCountry "UAE"]
[SourceTitle "CBM 205 Extra"]
[Source "ChessBase"]
[SourceDate "2022.01.31"]
[SourceVersion "1"]
[SourceVersionDate "2022.01.31"]
[SourceQuality "1"]

1. e4 c5 2. Nf3 Nc6 3. d4 cxd4 4. Nxd4 Nf6 5. f3 d5 6. Nxc6 bxc6 7. Be3 e5 8. Qd2 dxe4 9. Nc3 Qxd2+ 10. Bxd2 exf3 11. gxf3 Be6 12. 0-0-0 Bc5 13. Be3 h6 14. Re1 Bd6 15. Bg5 0-1

[Event "Online Olym Div4 C"]
[Site "Chess.com INT"]
[Date "2021.08.21"]
[Round "4.1"]
[White "Elizabeth, Emile Nagib Tanyous"]
[Black "Thornton, Filipina"]
[Result "0-1"]
[WhiteElo "1472"]
[BlackElo "1719"]
[PlyCount "128"]
[EventDate "2021.08.20"]
[EventType "team (rapid)"]
[EventRounds "11"]
[EventCountry "USA"]
[SourceTitle "CBM 203 Extra"]
[Source "ChessBase"]
[SourceDate "2021.09.30"]
[SourceVersion "1"]
[SourceVersionDate "2021.09.30"]
[SourceQuality "1"]
[WhiteTeam "Sudan"]
[BlackTeam "Malta"]
[WhiteTeamCountry "SUD"]
[BlackTeamCountry "MLT"]

1. Nf3 d5 2. d4 Nf6 3. g3 c6 4. Bg2 g6 5. 0-0 Bg7 6. Re1 0-0 7. b3 Re8 8. Bb2 Nbd7 9. Nbd2 Qc7 10. c3 Nf8 11. e4 dxe4 12. Nxe4 Nxe4 13. Rxe4 Bf5 14. Re2 Rad8 15. h3 Qd7 16. g4 Be6 17. Nh2 Bd5 18. f3 b5 19. Bc1 Ne6 20. Be3 Qc7 21. Qd2 Qg3 22. Bf2 Qc7 23. Qe1 Nf4 24. Re3 e5 25. Rd1 Nxg2 26. Kxg2 Re6 27. Bg3 Rde8 28. dxe5 Bxe5 29. Rxe5 Rxe5 30. Bxe5 Rxe5 31. Qg1 Re2+ 32. Kh1 Qf4 33. Rf1 Rxa2 34. Rf2 Rxf2 35. Qxf2 Qc1+ 36. Kg2 Qxc3 37. Qxa7 Bxb3 38. h4 Bd1 39. h5 Qd2+ 40. Kg3 Qd6+ 41. Kg2 Kg7 42. Nf1 gxh5 43. Ng3 Qd2+ 44. Kh3 hxg4+ 45. Kxg4 Qb4+ 46. Kh3 Bc2 47. Nh5+ Kg6 48. Qg1+ Kxh5 49. Qg4+ Qxg4+ 50. fxg4+ Kg6 51. Kh4 b4 52. g5 b3 53. Kg3 b2 54. Kf4 b1Q 55. Ke5 Ba4 56. Kd6 Qd3+ 57. Kc7 c5 58. Kb6 c4 59. Ka5 c3 60. Kxa4 c2 61. Kb4 c1Q 62. Ka4 Qa6+ 63. Kb3 Qb6+ 64. Ka4 Qc8 0-1